Normal view
MARC view
- ORD,ALISON HOBBS BRUCE
Entry Personal Name
001 - CONTROL NUMBER
- control field: 89104
003 - CONTROL NUMBER IDENTIFIER
- control field: NUST
005 - DATE AND TIME OF LATEST TRANSACTION
- control field: 20220217115139.0
008 - FIXED-LENGTH DATA ELEMENTS
- fixed length control field: 220217|| aca||aabn | a|a d
040 ## - CATALOGING SOURCE
- Original cataloging agency: NUST
- Transcribing agency: NUST
100 ## - HEADING--PERSONAL NAME
- Personal name: ORD,ALISON HOBBS BRUCE
670 ## - SOURCE DATA FOUND
- Source citation: Work cat.: (NUST): ORD,ALISON HOBBS BRUCE., STRUCTURAL GEOLOGY /, 2015.
